[Event "Olympiad"]
[Site "masterchessopen.com Istanbul (Turkey)"]
[Round "14"]
[White "Soylu Suat (TUR)"]
[Black "Granara Barreto Sebastian A (URU)"]
[Result "1-0"]
[WhiteElo "2345"]
[BlackElo "2095"]

1.e4 c5 2.Nf3 d6 3.d4 cxd4 4.Nxd4 Nf6 5.f3 e5 6.Bb5+ Nbd7 7.Nf5 Qc7 8.Bg5 a6
9.Bxf6 gxf6 10.Bxd7+ Bxd7 11.Nc3 Be6 12.Qd3 Bc4 13.Qd2 O-O-O 14.O-O-O Qa5
15.Nd5 Qxa2 16.Qc3 Kb8 17.Nb4 Qa4 18.Qxc4 Rc8 19.Nxa6+ Qxa6 20.Qxa6 bxa6
21.Nxd6 Rc7 22.Nf5 Bb4 23.Kb1 Rg8 24.g3 Rgc8 25.Ne3 Bf8 26.c3 Rb7 27.Kc2 Ka7
28.Rd3 Rcb8 29.Nc4 Rc7 30.b3 Rbc8 31.Rhd1 {#r} 1-0

[Event "Ch Ukraine (juniors) (under 16)"]
[Site "masterchessopen.com Kiev (Ukraine)"]
[Round "0"]
[White "Palekha Alexey (UKR)"]
[Black "Derjabin Ilja (UKR)"]
[Result "0-1"]
[WhiteElo "2138"]
[BlackElo "2221"]

1.e4 c5 2.Nf3 d6 3.d4 cxd4 4.Nxd4 Nf6 5.f3 e5 6.Bb5+ Nbd7 7.Nf5 a6 8.Bxd7+
Qxd7 9.Bg5 d5 10.Bxf6 gxf6 11.Qe2 Qc6 12.Nd4 Qb6 13.Nb3 d4 14.c4 Be6 15.N1d2
Rc8 16.Qd3 Bh6 17.Rb1 O-O 18.O-O Qb4 19.f4 Bxf4 20.Rxf4 exf4 21.Qxd4 Rfd8
22.Qxf6 Rxd2 23.Nxd2 Qxd2 24.Qg5+ Kf8 25.Qh6+ Ke8 26.Qxh7 Rxc4 27.Qg8+ Kd7
28.h3 Rc1+ 29.Rxc1 Qxc1+ 30.Kh2 Qxb2 31.Qg5 f3 32.Qg3 Qxg2+ 33.Qxg2 fxg2
34.Kxg2 Bxa2 35.h4 Bb1 36.Kf3 a5 37.Ke3 a4 38.Kd4 a3 39.Kc3 b5 40.h5 b4+ {#R}
0-1

[Event "It (open)"]
[Site "masterchessopen.com Klatovy (Czech Republic)"]
[Round "0"]
[White "Flaisigova Petra (CZE)"]
[Black "Lexa Vaclav (CZE)"]
[Result "1-0"]
[WhiteElo "2002"]
[BlackElo "1921"]

1.e4 c5 2.Nf3 d6 3.d4 cxd4 4.Nxd4 Nf6 5.f3 e5 6.Bb5+ Bd7 7.Bxd7+ Qxd7 8.Nf5 d5
9.Bg5 d4 10.Bxf6 gxf6 11.Qd3 Nc6 12.a3 Bc5 13.Nd2 Bb6 14.Nc4 Bc7 15.Rd1 Rd8
16.Qb3 O-O 17.Nce3 Na5 18.Qb4 Qe6 19.Nd5 Rxd5 20.Ne7+ Kh8 21.Nxd5 Bd8 22.Qxf8#
1-0

[Event "It (open)"]
[Site "masterchessopen.com Lausanne (Switzerland)"]
[Round "1"]
[White "Cornette Matthieu (FRA)"]
[Black "Pelletier Yannick (SUI)"]
[Result "0-1"]
[WhiteElo "2144"]
[BlackElo "2474"]

1.e4 c5 2.Nf3 d6 3.d4 cxd4 4.Nxd4 Nf6 5.f3 e5 6.Bb5+ Nbd7 7.Nf5 d5 8.exd5 a6
9.Ba4 b5 10.Bb3 Nb6 11.Ne3 Bc5 12.Nc3 O-O 13.Qd3 Bd4 14.Ne4 Nh5 15.c3 Nf4
16.Qc2 f5 17.cxd4 fxe4 18.Qxe4 exd4 19.d6+ Kh8 20.Bc2 Nxg2+ 21.Ke2 Nf4+ 22.Kd1
d3 23.Bxd3 Nxd3 24.Qxd3 Bb7 25.Nf5 Rxf5 26.Qxf5 Qxd6+ 27.Kc2 Rf8 28.Qd3 {#R}
0-1

[Event "It (open)"]
[Site "masterchessopen.com Monza (Italy)"]
[Round "1"]
[White "Drabke Lorenz (GER)"]
[Black "Papale Carmelo (ITA)"]
[Result "1-0"]
[WhiteElo "2144"]
[BlackElo "1865"]

1.e4 c5 2.Nf3 d6 3.d4 cxd4 4.Nxd4 Nf6 5.f3 e5 6.Bb5+ Nbd7 7.Nf5 a6 8.Bxd7+
Qxd7 9.Bg5 Qc6 10.Bxf6 Bxf5 11.exf5 gxf6 12.Nc3 Rc8 13.Qd3 d5 14.Nxd5 Qxc2
15.Nxf6+ Ke7 16.Nd5+ Ke8 17.Rd1 Qxd3 18.Rxd3 Rc2 19.Rd2 Rc1+ 20.Rd1 Rc2 21.O-O
Bc5+ 22.Kh1 Rxb2 23.Rfe1 f6 24.Nxf6+ Kf7 25.Ng4 Bd4 26.f4 Bc3 27.Rd7+ Ke8
28.Nf6+ Kf8 29.Rc1 Rxa2 30.fxe5 Ra1 31.Rxa1 Bxa1 32.Rd8+ Kg7 33.Nh5+ Kh6
34.Rxh8 Kxh5 35.Rxh7+ Kg5 36.e6 {#r} 1-0

[Event "It (open)"]
[Site "masterchessopen.com Ubeda (Spain)"]
[Round "1"]
[White "Vokarev Sergey (RUS)"]
[Black "Areklett Ivar (NOR)"]
[Result "1-0"]
[WhiteElo "2469"]
[BlackElo "2069"]

1.e4 c5 2.Nf3 d6 3.d4 cxd4 4.Nxd4 Nf6 5.f3 e5 6.Bb5+ Bd7 7.Bxd7+ Nbxd7 8.Nf5
d5 9.exd5 Nb6 10.O-O Bc5+ 11.Kh1 O-O 12.Bg5 Qd7 13.Nh6+ Kh8 14.Bxf6 gxf6
15.Ng4 Qf5 16.Nc3 h5 17.Nxf6 Qxf6 18.Ne4 Qg6 19.Nxc5 Rg8 20.Rf2 Rad8 21.Qe1
Rxd5 22.Ne4 Nc4 23.b3 Nd6 24.Nc3 Rc5 25.Rd1 Nf5 26.Na4 Rc6 27.Qxe5+ f6 28.Qe4
h4 29.c4 Qh5 30.Kg1 Rc7 31.Rd5 Rg5 32.Rd8+ Kh7 33.Rfd2 Rcg7 34.f4 Re7 35.R2d7
Rgg7 36.Rxe7 Rxe7 37.Qd3 Kh6 38.Rh8+ Rh7 39.Qd8 Qg6 40.Qg8 Ng7 41.Rxh7+ Qxh7
42.Qxh7+ Kxh7 43.Kf2 {#r} 1-0

[Event "It (open)"]
[Site "masterchessopen.com Vanzaghello (Italy)"]
[Date "2000.09.24"]
[Round "6"]
[White "Drabke Lorenz (GER)"]
[Black "Troiani Mauro (ITA)"]
[Result "1-0"]
[WhiteElo "2144"]
[BlackElo "1988"]

1.e4 c5 2.Nf3 d6 3.d4 cxd4 4.Nxd4 Nf6 5.f3 e5 6.Bb5+ Nbd7 7.Nf5 a6 8.Ba4 b5
9.Bb3 d5 10.Bxd5 Rb8 11.Bb3 Qc7 12.O-O Nb6 13.Kh1 Bxf5 14.exf5 Bc5 15.Nc3 O-O
16.Ne4 Be7 17.Qe2 Rbd8 18.Bd2 Nbd5 19.a4 Qd7 20.Nxf6+ Bxf6 21.Ba5 Nf4 22.Qe4
Rb8 23.g3 Nh3 24.axb5 axb5 25.Qg4 Ng5 26.Rad1 Qc6 27.h4 h5 28.Qxh5 Nh7 29.Bb4
{#r} 1-0

[Event "Tournament (qual. European ch)"]
[Site "masterchessopen.com Baku (Azerbaijan)"]
[Round "9"]
[White "Dovliatov Sanan (AZE)"]
[Black "Gouliev Namig (AZE)"]
[Result "0-1"]
[WhiteElo "2363"]
[BlackElo "2360"]

1.e4 c5 2.Nf3 d6 3.d4 cxd4 4.Nxd4 Nf6 5.f3 e5 6.Bb5+ Nbd7 7.Nf5 d5 8.exd5 a6
9.Bxd7+ Bxd7 10.Ne3 Bc5 11.Nc3 O-O 12.O-O b5 13.Ne4 Nxe4 14.fxe4 Qh4 15.Qd3 g6
16.Kh1 f5 17.exf5 gxf5 18.g3 Qh3 19.Bd2 Rad8 20.Qe2 Bc8 21.c4 bxc4 22.Qxc4
Bxe3 23.Bxe3 Bb7 24.Rad1 f4 25.Bg1 Qe6 {#R} 0-1

[Event "Ch Hungary (juniors) (under 18)"]
[Site "masterchessopen.com Balatonlelle (Hungary)"]
[Round "8"]
[White "Budai David (HUN)"]
[Black "Gombar Janos (HUN)"]
[Result "1-0"]
[WhiteElo "2135"]
[BlackElo "2173"]

1.e4 c5 2.Nf3 d6 3.d4 cxd4 4.Nxd4 Nf6 5.f3 e5 6.Bb5+ Nbd7 7.Nf5 d5 8.exd5 a6
9.Ba4 b5 10.Bb3 Nb6 11.Ne3 Bb7 12.Nc3 Bc5 13.Qd3 O-O 14.Ne4 Bxe3 15.Nxf6+ gxf6
16.Bxe3 Nxd5 17.Bh6 Re8 18.O-O-O Qe7 19.Bxd5 Rad8 20.Qe4 {#r} 1-0

[Event "It (open)"]
[Site "masterchessopen.com Basel (Switzerland)"]
[Round "3"]
[White "Speck Hans (SUI)"]
[Black "Mueller Anton (SUI)"]
[Result "1-0"]
[WhiteElo "2085"]
[BlackElo "1994"]

1.e4 c5 2.Nf3 d6 3.d4 cxd4 4.Nxd4 Nf6 5.f3 e5 6.Bb5+ Bd7 7.Bxd7+ Qxd7 8.Nf5 d5
9.Bg5 dxe4 10.Bxf6 gxf6 11.Qxd7+ Nxd7 12.fxe4 Rc8 13.Nc3 Bb4 14.O-O-O Nb6
15.a3 Bc5 16.Nb5 Nc4 17.b4 Bf8 18.Nxa7 Rc7 19.Nb5 Rc6 20.Rd3 Rg8 21.Rhd1 Be7
22.Rd7 Bd6 23.Rxb7 Rxg2 24.Nbxd6+ Nxd6 25.Nxd6+ Kf8 26.Rb8+ Ke7 27.Nf5+ {#r}
1-0

[Event "Bayern Landesliga North 2000/01"]
[Site "masterchessopen.com Bayern (Germany)"]
[Round "8"]
[White "Kress Manfred (GER)"]
[Black "Soergel Frank (GER)"]
[Result "0-1"]
[WhiteElo "2013"]
[BlackElo "2147"]

1.e4 c5 2.Nf3 d6 3.d4 cxd4 4.Nxd4 Nf6 5.f3 e5 6.Bb5+ Nbd7 7.Nf5 d5 8.exd5 a6
9.Bxd7+ Qxd7 10.Ne3 b5 11.Nc3 Bb7 12.Qd3 b4 13.Ne4 Nxd5 14.Nxd5 Qxd5 15.Qxd5
Bxd5 16.Be3 Rc8 17.Rc1 Bxe4 18.fxe4 Rc4 19.Kf2 Be7 20.Kf3 O-O 21.c3 bxc3
22.Rxc3 Rxc3 23.bxc3 Rc8 24.Rc1 Rc4 25.Rc2 h5 26.h3 h4 27.Bd2 g6 28.Ke3 f5
29.exf5 gxf5 30.Kd3 Rc6 31.c4 Kf7 32.Be3 Ke6 33.Rb2 e4+ 34.Kc3 f4 35.Bd4 a5
36.Rf2 Kf5 37.Rf1 Rg6 38.Rf2 Rg3+ 39.Kc2 e3 40.Re2 Ke4 41.Bb6 a4 42.Ba7 Bb4
43.Bb6 Rg8 44.Kd1 Kd3 45.a3 Bxa3 46.Ba5 Rb8 {#R} 0-1

[Event "Ch Europe (juniors) (under 16)"]
[Site "masterchessopen.com Chalkidiki (Greece)"]
[Round "3"]
[White "Cornette Matthieu (FRA)"]
[Black "Sypnicki Dominik (POL)"]
[Result "1-0"]
[WhiteElo "2342"]
[BlackElo "2200"]

1.e4 c5 2.Nf3 d6 3.d4 cxd4 4.Nxd4 Nf6 5.f3 e5 6.Bb5+ Nbd7 7.Nf5 d5 8.exd5 a6
9.Ba4 b5 10.Bb3 Nb6 11.Ne3 Bb7 12.Nc3 Bb4 13.O-O O-O 14.Qd3 Nbd7 15.Rd1 Nc5
16.Qf5 Bxc3 17.bxc3 a5 18.a3 Qd6 19.Qg5 h6 20.Qxg7+ Kxg7 21.Nf5+ Kg6 22.Nxd6
Nxb3 23.cxb3 Bxd5 24.c4 bxc4 25.bxc4 Rad8 26.c5 Bb3 27.Rd3 a4 28.Bb2 Nd7
29.Nb7 Bc2 30.Rd6+ f6 31.Nxd8 Rxd8 {#r} 1-0

[Event "Bayern Landesliga North 2000/01"]
[Site "masterchessopen.com Germany"]
[Round "8"]
[White "Kress Manfred (GER)"]
[Black "Kudlich Harald"]
[Result "1-0"]
[WhiteElo "2013"]
[BlackElo "1875"]

1.e4 c5 2.Nf3 d6 3.d4 cxd4 4.Nxd4 Nf6 5.f3 e5 6.Bb5+ Bd7 7.Bxd7+ Qxd7 8.Nf5 d5
9.Bg5 dxe4 10.Bxf6 Qxd1+ 11.Kxd1 gxf6 12.fxe4 Nc6 13.Nc3 Ne7 14.Nd6+ Kd7
15.Nxb7 Nc6 16.Na4 Rg8 17.g3 Rg4 18.Re1 Kc7 19.Nbc5 Rd8+ 20.Nd3 f5 21.Nc3 fxe4
22.Nxe4 f5 23.Nf2 Rgd4 24.Ke2 e4 25.Nf4 Rd2+ 26.Kf1 Re8 27.Re2 Rxe2 28.Nxe2
Bd6 29.Rd1 Be5 30.c3 h5 31.Nh3 h4 32.Nhf4 hxg3 33.hxg3 Rh8 34.Kg2 Bxf4 35.gxf4
Rg8+ 36.Kf2 Ne7 37.c4 Rh8 38.Rg1 Rd8 39.Rg7 Kd6 40.Nc3 Rd7 41.b4 a6 42.Rh7 Kc7
43.Ke2 Kc6 44.Nd1 a5 45.a3 axb4 46.axb4 Ra7 47.Nc3 Ra3 48.Nxe4 {#r} 1-0

[Event "Ch Hungary (team) 2000/01 (2 liga)"]
[Site "masterchessopen.com Hungary"]
[Round "5"]
[White "Bednay Dezso (HUN)"]
[Black "Budai David (HUN)"]
[Result "1-0"]
[WhiteElo "2125"]
[BlackElo "2135"]

1.e4 c5 2.Nf3 d6 3.d4 cxd4 4.Nxd4 Nf6 5.f3 e5 6.Bb5+ Nbd7 7.Nf5 d5 8.exd5 a6
9.Ba4 b5 10.Bb3 Nb6 11.Ne3 Bb7 12.Nc3 Bc5 13.Qd3 Bxe3 14.Bxe3 Nbxd5 15.Nxd5
Bxd5 16.O-O O-O 17.Rfd1 Bxb3 18.axb3 h6 19.Qd6 Qxd6 20.Rxd6 Rfc8 21.c3 a5
22.Kf2 a4 23.Rb6 Rcb8 24.Rxb8+ Rxb8 25.bxa4 bxa4 26.Bc1 Ra8 27.b3 Rc8 28.bxa4
Rxc3 29.a5 Nd5 30.a6 Nb6 31.a7 Na8 32.Ke1 Rc2 33.Rb1 Kh7 34.Be3 Rc8 35.Kd1 Kg6
36.Rb8 Nc7 37.Rxc8 {#r} 1-0

[Event "Ch Switzerland (team) 2001"]
[Site "masterchessopen.com Switzerland"]
[Round "6"]
[White "Geiser Laurent (SUI)"]
[Black "Gallagher Joseph G (SUI)"]
[Result "0-1"]
[WhiteElo "2155"]
[BlackElo "2511"]

1.e4 c5 2.Nf3 d6 3.d4 cxd4 4.Nxd4 Nf6 5.f3 e5 6.Bb5+ Nbd7 7.Nf5 d5 8.exd5 a6
9.Bxd7+ Bxd7 10.Ne3 Bc5 11.Nc3 O-O 12.O-O Bf5 13.Kh1 Bg6 14.Nc4 Bd4 15.f4 Bxc3
16.bxc3 Qxd5 17.fxe5 Qxd1 18.Rxd1 Ne4 19.Be3 Rac8 20.Nb6 Rxc3 21.Nd5 Rxc2
22.Ne7+ Kh8 23.Rd7 Bh5 24.h3 Be2 25.Rxb7 h6 26.Nf5 Bc4 27.Bd4 Be6 28.Ne3 Rd2
29.Ba7 Rc8 30.a4 Rc3 31.Rb4 Nc5 32.Nd1 Rcc2 33.Ne3 Rc3 34.Nd1 Nd3 35.Rb8+ Rc8
36.Rb6 Rxd1+ 37.Rxd1 Nf2+ 38.Kg1 Nxd1 {#R} 0-1

[Event "Cup Russia (open)"]
[Site "masterchessopen.com Tula (Russia)"]
[Round "8"]
[White "Kotsur Pavel (KAZ)"]
[Black "Kotanjian Tigran (ARM)"]
[Result "1-0"]
[WhiteElo "2572"]
[BlackElo "2387"]

1.e4 c5 2.Ne2 d6 3.d4 cxd4 4.Nxd4 Nf6 5.f3 e5 6.Bb5+ Nbd7 7.Nf5 Qb6 8.Nc3 a6
9.Ba4 h6 10.Ne3 Be7 11.Ncd5 Nxd5 12.Nxd5 Qa5+ 13.c3 Bh4+ 14.g3 Bg5 15.Be3 b5
16.Bb3 O-O 17.Bxg5 hxg5 18.Ne7+ Kh7 19.Qxd6 Nf6 20.Qxe5 {#r} 1-0

[Event "Cup Russia (open)"]
[Site "masterchessopen.com Tula (Russia)"]
[Round "5"]
[White "Peschansky Mikhail (RUS)"]
[Black "Kunin Vitaly (GER)"]
[Result "0-1"]
[WhiteElo "2194"]
[BlackElo "2424"]

1.e4 c5 2.d4 cxd4 3.Nf3 d6 4.Nxd4 Nf6 5.f3 e5 6.Bb5+ Bd7 7.Bxd7+ Nbxd7 8.Nf5
Qc7 9.a4 g6 10.Ne3 Bg7 11.c4 O-O 12.Nc3 a6 13.O-O Nc5 14.b3 Ne6 15.Kh1 Rad8
16.Nc2 Nh5 17.Be3 f5 18.a5 Qf7 19.Bb6 Rd7 20.g3 Nf6 21.Qe2 h5 22.Rad1 Bh6
23.b4 h4 24.Rf2 hxg3 25.hxg3 Nh5 26.Kh2 Qh7 27.Qe1 Bg5 28.Kg1 Nxg3 29.Rh2 Nh5
30.Kf2 fxe4 31.Nxe4 Qf7 32.Qh1 Qf4 33.Ke2 Rh7 34.Rh3 Ng3+ 35.Nxg3 Rxh3 36.Qxh3
Qxf3+ 37.Ke1 Qc3+ 38.Ke2 Qxc2+ 39.Ke1 Qc3+ 40.Ke2 Nf4+ {#R} 0-1

[Event "Ch Georgia (juniors) (under 18) (g)"]
[Site "masterchessopen.com Tbilisi (Georgia)"]
[Round "0"]
[White "Gvetadze Sopio (GEO)"]
[Black "Khukhashvili Sopiko (GEO)"]
[Result "1-0"]
[WhiteElo "2252"]
[BlackElo "2333"]

1.e4 c5 2.Nf3 d6 3.d4 cxd4 4.Nxd4 Nf6 5.f3 e5 6.Bb5+ Nbd7 7.Nf5 d5 8.exd5 a6
9.Ba4 b5 10.Bb3 Nc5 11.Ne3 Nxb3 12.axb3 Bc5 13.c4 Rb8 14.Nc3 O-O 15.O-O Qb6
16.Re1 Nh5 17.Kh1 f5 18.Nf1 Qd6 19.Qe2 Bd4 20.cxb5 axb5 21.Nxb5 Qxd5 22.Nxd4
exd4 23.Qc4 Rb5 24.Ra4 Rd8 25.Bg5 Nf6 26.Bxf6 gxf6 27.Qc7 Rb7 28.Qf4 Kg7
29.Qg3+ Kf8 30.Qh4 Rf7 31.Nd2 Bb7 32.Nc4 d3 33.Ra5 Qd7 34.h3 Bc8 35.Raa1 Qb5
36.Nd2 Kg7 37.Re3 Qc5 38.Rae1 Bd7 39.Rxd3 Qb5 40.Nc4 Rg8 41.Red1 Qc6 42.Qf4
Re7 43.Rd6 Qb7 44.Qd4 Be6 45.Re1 Rge8 46.Rexe6 {#r} 1-0

[Event "Olympiad"]
[Site "masterchessopen.com Bled (Slovenia)"]
[Round "13"]
[White "Gunajew Rafal (POL)"]
[Black "Chikhaoui Walid (TUN)"]
[Result "1-0"]
[WhiteElo "2182"]
[BlackElo "2283"]

1.e4 c5 2.Nf3 d6 3.d4 cxd4 4.Nxd4 Nf6 5.f3 e5 6.Bb5+ Bd7 7.Bxd7+ Qxd7 8.Nf5 d5
9.Bg5 dxe4 10.Bxf6 Qxd1+ 11.Kxd1 gxf6 12.fxe4 Rg8 13.g3 Nd7 14.c3 Nc5 15.Nd2
O-O-O 16.Kc2 h5 17.Rhe1 Rg4 18.b4 Ne6 19.Rad1 Rg6 20.Nc4 Ng5 21.Rxd8+ Kxd8
22.h4 Ne6 23.Rd1+ Kc8 24.Nce3 b6 25.Nd5 Kb7 26.Rd3 Rg4 27.Nxf6 Rg6 28.Rd7+ Kc6
29.Rxf7 Bd6 30.Ne8 Bb8 31.Ne7+ {#r} 1-0

[Event "Bayern Landesliga North 2001/02"]
[Site "masterchessopen.com Germany"]
[Round "9"]
[White "Magyar Otto (HUN)"]
[Black "Martin Fernandez Rodrigo (GER)"]
[Result "1-0"]
[WhiteElo "2299"]
[BlackElo "2156"]

1.e4 c5 2.Nf3 d6 3.d4 cxd4 4.Nxd4 Nf6 5.f3 e5 6.Bb5+ Nbd7 7.Nf5 d5 8.exd5 a6
9.Ba4 b5 10.Bb3 Nb6 11.Ne3 Bb7 12.Nc3 Bb4 13.Bd2 O-O 14.O-O Bc5 15.Ne4 Bxe3+
16.Bxe3 Nbxd5 17.Nxf6+ Nxf6 18.Qxd8 Raxd8 19.Rfd1 Nd5 20.Bg5 Rd7 21.Rd3 h6
22.Bd2 Rc8 23.Rd1 Nf6 24.Rxd7 Nxd7 25.Be3 Bc6 26.c3 Kf8 27.f4 Ke7 28.fxe5 Nxe5
29.Bc5+ Kf6 30.Bd4 Re8 31.Re1 Kf5 32.Bc2+ Kf6 33.h4 Bd5 34.Rf1+ Ke6 35.Bxe5 f6
36.Bg6 Re7 37.Bd4 Kd7 38.Kf2 Bxa2 39.Ra1 Bc4 40.Be3 b4 41.cxb4 Kc6 42.b3 Bb5
43.Kf3 f5 44.Rc1+ Kb7 45.h5 Bc6+ 46.Kf2 Bd7 47.Rc5 {#r} 1-0

[Event "Ch Region"]
[Site "masterchessopen.com Kaluga (Russia)"]
[Round "0"]
[White "Klimenko Veronica (AUS)"]
[Black "Zhelnin Vladimir V (RUS)"]
[Result "0-1"]
[WhiteElo "2101"]
[BlackElo "2480"]

1.e4 c5 2.Nf3 d6 3.d4 cxd4 4.Nxd4 Nf6 5.f3 e5 6.Bb5+ Nbd7 7.Ne2 h6 8.Nec3 a6
9.Bc4 b5 10.Bb3 Bb7 11.Qe2 Nc5 12.O-O Be7 13.Be3 Nxb3 14.cxb3 O-O 15.Rd1 Qc7
16.Nd2 Rac8 17.Nf1 Rfd8 18.Ng3 d5 19.exd5 Nxd5 20.Nxd5 Rxd5 21.Rxd5 Bxd5
22.Rc1 Qb7 23.Rxc8+ Qxc8 {#R} 0-1

[Event "Ch Slovakia (team) 2001/02 (1 liga) West"]
[Site "masterchessopen.com Slovakia"]
[Round "8"]
[White "Mokos Jozef (SVK)"]
[Black "Horvath Mario (SVK)"]
[Result "1-0"]
[WhiteElo "2248"]
[BlackElo "2290"]

1.e4 c5 2.Nf3 d6 3.d4 cxd4 4.Nxd4 Nf6 5.f3 e5 6.Bb5+ Bd7 7.Bxd7+ Qxd7 8.Nf5 d5
9.Bg5 Qb5 10.Bxf6 Qxb2 11.Bxg7 Bxg7 12.Nd6+ Ke7 13.Nd2 Rd8 14.Nf5+ Kf8 15.O-O
Nc6 16.Rb1 Qxa2 17.f4 Qa6 18.Qg4 Bh8 19.Qh5 Nd4 20.Qxh7 Bf6 21.fxe5 Nxf5
22.Qxf5 Rac8 23.exf6 Rxc2 24.Qh5 Ke8 25.Qe5+ Qe6 26.Qxe6+ fxe6 27.Nf3 d4
28.f7+ Kf8 29.Ng5 Rc6 30.Nh7+ Kg7 31.f8=Q+ Rxf8 32.Nxf8 b6 33.Nd7 Rc2 34.Ne5
Rc5 35.Nf3 e5 36.Rfc1 Kf6 37.Rxc5 bxc5 38.Rc1 Ke6 39.Rxc5 {#r} 1-0

[Event "Memorial J.Capablanca (d) (cat.1)"]
[Site "masterchessopen.com Habana (Cuba)"]
[Round "8"]
[White "Pazos Gambarrotti Plinio (ECU)"]
[Black "Hernandez Tania (CUB)"]
[Result "1-0"]
[WhiteElo "2400"]
[BlackElo "2201"]

1.e4 c5 2.Nf3 d6 3.d4 cxd4 4.Nxd4 Nf6 5.f3 e5 6.Bb5+ Nbd7 7.Nf5 d5 8.exd5 a6
9.Bxd7+ Qxd7 10.Ne3 Bc5 11.c4 b5 12.Nc3 bxc4 13.Nxc4 Bd4 14.Be3 Bxc3+ 15.bxc3
Qxd5 16.Qa4+ Qd7 17.Qa3 Nd5 18.Nd6+ Kf8 19.Nxc8+ Kg8 20.Rd1 Rxc8 21.Qa5 {#r}
1-0

[Event "It (open)"]
[Site "masterchessopen.com Kharkov (Ukraine)"]
[Round "9"]
[White "Tarlev Konstantin (UKR)"]
[Black "Zhornik Nikolay (UKR)"]
[Result "1-0"]
[WhiteElo "2376"]
[BlackElo "2255"]

1.e4 c5 2.Nf3 d6 3.d4 cxd4 4.Nxd4 Nf6 5.f3 e5 6.Bb5+ Bd7 7.Bxd7+ Nbxd7 8.Nf5
Qc7 9.b3 d5 10.exd5 Qa5+ 11.Qd2 Qxd5 12.Ba3 Qxd2+ 13.Kxd2 Bxa3 14.Nxa3 O-O
15.c4 Rfd8 16.Kc3 e4 17.Rhe1 Nc5 18.Rad1 exf3 19.gxf3 Ne6 20.Nb5 g6 21.Nfd4
Nxd4 22.Nxd4 Kf8 23.c5 Nd5+ 24.Kc4 Ne7 25.b4 a6 26.a4 h5 27.Nb3 Ke8 28.Na5
Rdb8 29.c6 b6 30.Nb7 Kf8 31.b5 Rc8 32.bxa6 Nxc6 33.Kb5 {#r} 1-0

[Event "Ch Switzerland"]
[Site "masterchessopen.com Silvaplana (Switzerland)"]
[Round "3"]
[White "Antognini Francesco (SUI)"]
[Black "Vonlanthen Markus (SUI)"]
[Result "1-0"]
[WhiteElo "2199"]
[BlackElo "2070"]

1.e4 c5 2.Nf3 d6 3.d4 cxd4 4.Nxd4 Nf6 5.f3 e5 6.Bb5+ Bd7 7.Bxd7+ Qxd7 8.Nf5 d5
9.Bg5 dxe4 10.Bxf6 Qxd1+ 11.Kxd1 gxf6 12.fxe4 Rg8 13.g3 Nc6 14.c3 Rd8+ 15.Ke2
Ne7 16.Nd2 Nxf5 17.exf5 Bh6 18.Ne4 Ke7 19.Rhd1 Bg7 20.b4 Rxd1 21.Rxd1 Rd8
22.Rxd8 Kxd8 23.a4 Kc7 24.Kd3 Bh6 25.Kc4 Bg7 26.Kd5 {#r} 1-0

[Event "Ch Ukraine"]
[Site "masterchessopen.com Simferopol (Ukraine)"]
[Round "4"]
[White "Kononenko Dmitry (UKR)"]
[Black "Borovikov Vladislav (UKR)"]
[Result "0-1"]
[WhiteElo "2188"]
[BlackElo "2586"]

{ } 1.e4 { 1 } 1...c5 2.Nf3 d6 3.d4 cxd4 4.Nxd4 Nf6 5.f3 e5 6.Bb5+ Nbd7 7.Nf5
d5 8.exd5 a6 9.Bxd7+ { = } 9...Bxd7 ( 9...Qxd7 10.Ne3 Bc5 11.c4 b5 12.Nc3 O-O
13.O-O bxc4 14.Kh1 Bxe3 15.Bxe3 Bb7 16.d6 Rac8 17.Bg5 Qe6 18.Qd2 Rfd8 19.Rad1
Rc6 20.Bxf6 Rdxd6 21.Qg5 Qxf6 22.Qxf6 gxf6 23.Rxd6 Rxd6 24.Rd1 Rxd1+ 25.Nxd1
Bd5 26.Kg1 f5 27.Kf2 f4 28.Nc3 Bc6 29.g3 { ...0-1, Cardoso Ruth 2010 - Fischer
Robert J 2760 , New York 1957 It } ) 10.Ne3 Bc5 { } 11.c4 { N } ( 11.Nc3 O-O
12.O-O Bf5 13.Kh1 Bg6 14.Nc4 Bd4 15.f4 Bxc3 16.bxc3 Qxd5 17.fxe5 Qxd1 18.Rxd1
Ne4 19.Be3 Rac8 20.Nb6 Rxc3 21.Nd5 Rxc2 22.Ne7+ Kh8 23.Rd7 Bh5 24.h3 Be2
25.Rxb7 h6 26.Nf5 Bc4 27.Bd4 Be6 28.Ne3 Rd2 29.Ba7 Rc8 30.a4 Rc3 { ...0-1,
Geiser Laurent 2155 - Gallagher Joseph G 2511 , Switzerland 2001 Ch
Switzerland (team) 2001 } ) 11...b5 { } ( 11...e4 { !? } 12.a3 exf3 13.Qxf3 b5
{ } ) 12.O-O { } ( 12.Nc3 { !? } 12...O-O 13.Qd3 Re8 14.b3 { } ) 12...bxc4
13.Kh1 O-O 14.Nc3 Bd4 15.Re1 Rc8 16.Qc2 Nh5 { } ( 16...Ne8 { !? } 17.Bd2 f5
18.Ne2 Nd6 { } ) 17.Ne2 f5 18.Rd1 Ba7 { ?! } ( 18...Qh4 { !? } 19.Nf1 Nf6
20.Bd2 Bb6 { } ) 19.Bd2 { ? } ( 19.d6 { !? } 19...Qh4 20.Nd5 Kh8 21.Qc3 { } )
19...f4 20.Nxc4 { ?! } ( 20.Ng4 { !? } 20...Bxg4 21.fxg4 Nf6 22.Qf5 { } )
20...Rxc4 { ?? } ( 20...Ng3+ 21.Nxg3 fxg3 22.Be1 Qh4 { } ) 21.Qxc4 Bb5 22.Qe4
Bxe2 23.Qxe2 { ! } ( 23.Qxe5 { ? } 23...Bxd1 24.Rxd1 Qh4 25.Be1 { } )
23...Ng3+ { } {#R} 0-1

[Event "It (open)"]
[Site "masterchessopen.com Villa Ballester (Argentina)"]
[Round "6"]
[White "Jimenez Joaquin (ARG)"]
[Black "Rebottaro Hector Javier (ARG)"]
[Result "0-1"]
[WhiteElo "2215"]
[BlackElo "2274"]

1.e4 c5 2.Nf3 d6 3.d4 cxd4 4.Nxd4 Nf6 5.f3 e5 6.Bb5+ Bd7 7.Bxd7+ Qxd7 8.Nf5 d5
9.Bg5 d4 10.Bxf6 gxf6 11.O-O Nc6 12.Nd2 O-O-O 13.Nc4 Kb8 14.Qe2 Rg8 15.Rfd1
Qe6 16.Kh1 Bc5 17.a3 Ne7 18.b4 Bb6 19.Nxe7 Qxe7 20.Nxb6 axb6 21.Qb5 Rc8 22.Rd2
Rc6 23.a4 Qc7 24.a5 bxa5 25.Rxa5 Rxc2 26.Ra8+ Kxa8 27.Qa4+ Kb8 28.Rxc2 Qb6
29.Qd7 Rd8 30.Qxf7 d3 31.Rd2 Qe3 {#R} 0-1

[Event "It (open)"]
[Site "masterchessopen.com Zurich (Switzerland)"]
[Round "5"]
[White "Speck Hans (SUI)"]
[Black "Jaeggi Dorian (SUI)"]
[Result "0-1"]
[WhiteElo "2131"]
[BlackElo "2252"]

1.e4 c5 2.Nf3 d6 3.d4 cxd4 4.Nxd4 Nf6 5.f3 e5 6.Bb5+ Nbd7 7.Nf5 Qb6 8.Nc3 g6
9.Ne3 a6 10.Ned5 Qd8 11.Bxd7+ Nxd7 12.Be3 Bg7 13.Qd2 O-O 14.Bh6 Qh4+ 15.g3
Qxh6 16.Ne7+ Kh8 17.Qxd6 Qe3+ 18.Ne2 Qc5 19.Nxc8 Qxc8 20.O-O-O Nc5 21.Nc3 Ne6
22.Nd5 Qd8 23.Qb4 b5 24.Kb1 Re8 25.h4 h6 26.f4 exf4 27.gxf4 a5 28.Qe1 Ra7
29.Qf2 Rd7 30.f5 gxf5 31.Qxf5 Nc7 32.Nc3 Ree7 33.Rdg1 Re6 34.Nd5 Nxd5 35.exd5
Rf6 36.Qg4 Rg6 37.Qf3 Rxd5 38.h5 Rxg1+ 39.Rxg1 Qf6 40.Qb3 a4 41.Qb4 Qd4 {#R}
0-1

[Event "It (open)"]
[Site "masterchessopen.com Zalakaros (Hungary)"]
[Date "2003.05.17"]
[Round "2"]
[White "Molnar Bela (HUN)"]
[Black "Wegerer Fred (AUT)"]
[Result "1-0"]
[WhiteElo "2354"]
[BlackElo "2277"]

1.e4 c5 2.Nf3 d6 3.d4 cxd4 4.Nxd4 Nf6 5.f3 e5 6.Bb5+ Nbd7 7.Nf5 a6 8.Ba4 b5
9.Bb3 Nc5 10.Nc3 Nxb3 11.axb3 d5 12.Bg5 d4 13.Ne2 h6 14.Bxf6 Qxf6 15.Qd3 g6
16.Nfg3 h5 17.O-O h4 18.Nh1 Bh6 19.f4 Bg4 20.Nf2 Bxe2 21.Qxe2 Bxf4 22.Nd3 g5
23.Nb4 Qd6 24.Nd5 Rc8 25.b4 Rh6 26.Ra3 Rc6 27.g3 hxg3 28.hxg3 Be3+ {#r} 1-0